| 000 | 00848nam a22002297a 4500 | ||
|---|---|---|---|
| 003 | AR-BeUNQ | ||
| 005 | 20250613122502.0 | ||
| 008 | 250613b19672023spabb|||ro||| 00| 0 spa | | ||
| 040 |
_aAR-BeUNQ _bspa _cAR-BeUNQ _eaacr |
||
| 082 |
_221 _aAr982 SAC |
||
| 100 | 1 | 0 |
_aSacheri, Eduardo _caut. _d1967 |
| 245 |
_aLos dias de la revolucion _bUna Historia de Argentina : Cuando no era Argentina (1806-1820) _cEduardo Sacheri. _hlibro. |
||
| 250 | _a1a.ed | ||
| 260 |
_aCiudad Autónma de Buenos Aires : _bAlfaguara, _c2023 |
||
| 300 |
_a288 p. ; _bil. ; _c24x15 cm |
||
| 490 | _aidentidades Bonaerenses | ||
| 504 | _aContiene recomendaciones bibliográficas | ||
| 650 |
_2tell _aHistoria |
||
| 651 |
_2unesscot _aArgentina |
||
| 929 |
_aDONACION _bMinisterio de Educacion de la Privincia de Buenos Aires _c0 _d0 _e0+/11/2023 _fPAT0082571 _j63148 |
||
| 942 | _cLIB | ||
| 999 |
_c1301 _d1301 |
||